000 00558nam a2200181Ia 4500
008 151018s9999 xx 000 0 und d
082 _bRBASDV24641
_a891.463
100 _aगीता मंगेशकर
245 _aअजेय
250 _b1
260 _bबांदोडकर पब्लिशिंग कंपनी मुंबई
_c1993
300 _a357
600 _aगीता मंगेशकर
630 _aअजेय
700 _aगीता मंगेशकर
730 _aअजेय
942 _cBOOK
999 _c1024284
_d1024281